00530nam a2200193 a 450000100060000000300090000600800410001502000150005604000280007108200170009910000310011624500290014726000500017630000110022665000300023765000110026765000230027865000350030117217CO-ViMGA141112s2004 ck r 000 u spa d a8471147629 aCO-ViMGAbspacCO-ViMGA04a691.12 R637p1 aRodriguez Barreal, Jose A.10aPatología de la madera aMadríd (España), cMundi - prensa, c1998 a349.p.14aCONSERVACION DE LA MADERA14aMADERA14aMADERA - DETERIORO14aMADERA - ENFERMEDADES Y PLAGAS